Welcome to the Holygrace Academy Library

Please use search bar below to get started

FUN WITH SUBSTRACTION (Record no. 1825)

MARC details
000 -LEADER
fixed length control field 00306nam a22001457a 4500
020 ## - INTERNATIONAL STANDARD BOOK NUMBER
ISBN 0-7214-0705-6
082 ## - DEWEY DECIMAL CLASSIFICATION NUMBER
Classification number 823
Item number HUR/F
100 ## - MAIN ENTRY--AUTHOR NAME
Personal name ROGER
100 ## - MAIN ENTRY--AUTHOR NAME
Personal name HURT MARY
245 ## - TITLE STATEMENT
Title FUN WITH SUBSTRACTION
260 ## - PUBLICATION, DISTRIBUTION, ETC. (IMPRINT)
Place of publication UK
Name of publisher LADYBIRD
300 ## - PHYSICAL DESCRIPTION
Number of Pages 51
650 ## - SUBJECT ADDED ENTRY--TOPICAL TERM
Topical Term MATHS PRACTISING BOOK
Geographic subdivision UK
942 ## - ADDED ENTRY ELEMENTS (KOHA)
Koha item type Books

No items available.